00891nam a22002657a 450000100060000000300080000600500170001400800410003102000170007202000170008903500190010604000350012504100080016008200250016810000260019324500670021926000450028630000290033150400370036065000530039765000250045094200120047599900170048795201210050462102BD-RjUL20211209081037.0170122s1978 enka|||| b||| 001 0 eng d a0870113356 : a0870113364 : a(BD-RjUL)62227 aBD-RjULbengcBD-RjULdBD-RjUL aeng 223a709.52bNOA 1978 aNoma, Seiroku9184751 aThe arts of Japan : blate medieval to modern /cSeiroku Noma  aLondon :bKodansha International,c1978. a326 p. :bill. ;c26 cm. aIncludes Bibliography and index. aArt, Japanese y17th-18th Centuries 9184752 aArt, Modern 9184753 2ddccBK c62102d62102 00102ddc40718NFICaRUCLbRUCLcReadingd1994-07-05l0o709.52 NOA 1978r2017-01-22 00:00:00tC-1w2017-01-22yBK